000 00953nam a22002177a 4500
999 _c12487
_d12487
003 AR-CdUCM
008 190409b ||||| |||| 00| 0 spa d
040 _aMUNICIPALIDAD PROVINCIAL DEL CUSCO
_cBIBLIOTECA MUNICIPAL DEL CUSCO
082 _aC / 985.61 /
_bV66
100 _aVillanueva Urteaga, Horacio
_95790
245 _aCuzco 1689 :
_beconomía y sociedad en el sur andino /
260 _aCusco :
_bBartolomé de las Casas,
_c1982.
300 _a508 páginas ;
_c24 cm.
505 _aContenido: Relación de la doctrina de Chiri por fray Juan Rubio de Peña -- Relación de la doctrina de Curasco y Ayriguanaca por fray Bernardo Dozma -- Relación de la doctrina de Mara por el Br. Pedro de Silva y Ovando ...
650 _aHistoria
_946892
650 _aDocumentos de Cusco
_930349
650 _aDoctrina
_91208
710 _aCentro de estudios rurales andinos "Bartolomé de las Casas"
_91973
942 _2ddc
_cLIBROS
945 _aacv
_d2019-04-09